00834nam a22002537i 4500003000900000005001700009007000300026008004100029020001800070040003100088082003000119100004100149245004000190250002000230264005500250300002800305336002800333337003400361338003300395500006400428586004000492650002200532650002600554DO-SdBNP20240530073926.0ta211019b2019 dr ||||| |||| 00| 0 spa d a9789945862553 aDO-SdBNPbspacBNPHU erda 4aRD863.44bM433L, 20192221 aMatos Moquete, Manuel,d1944-eautor10aLarga vida /b Manuel Matos Moquete a3ra. edición  aSanto Domingo : bImpresora Soto Castillo, c2019. a184 páginas c21 cm.  2rdacontent atextobtxt 2rdamediaasin mediación bn 2rdacarrier aavolumen ¡bnc aIncluye datos biográficos del autor en la contracubierta. aPremio Nacional de Literatura 2019. 0aNovela dominicana 4aLiteratura dominicana